[Event "SVK-ch U18/20"]
[White "Marko, Alex"]
[Black "Lintner, Igor"]
[Site "Liptovsky Mikulas"]
[Round "8"]
[Result "0-1"]
[Date "2017.04.27"]
[WhiteElo "1608"]
[BlackElo "2234"]
[PlyCount "102"]
[EventDate "2017.04.22"]
[EventType "swiss"]
[EventRounds "9"]
[EventCountry "SVK"]
[SourceTitle "CBM 178 Extra"]
[Source "ChessBase"]
[SourceDate "2017.06.22"]
[SourceVersion "1"]
[SourceVersionDate "2017.06.22"]
[SourceQuality "1"]

1. Nf3 Nf6 2. g3 b6 3. Bg2 Bb7 4. 0-0 e6 5. c4 Be7 6. Nc3 0-0 7. d3 d5 8. cxd5 exd5 9. Bf4 Na6 10. Rc1 d4 11. Nb5 c5 12. b3 Nd5 13. Ne5 f6 14. Nc4 Qd7 15. Nbd6 Bc6 16. Ne4 Nxf4 17. gxf4 Rad8 18. Qc2 Qb7 19. f5 Qc8 20. Ng3 Kh8 21. Rcd1 Bxg2 22. Kxg2 Bd6 23. e4 dxe3 24. fxe3 Nb4 25. Qb1 Bb8 26. a3 Nd5 27. Qc1 b5 28. Nb2 Qc7 29. Rf2 Rfe8 30. Re1 Qe5 31. Nf1 Ne7 32. Ng3 Ng8 33. Kg1 Nh6 34. e4 Ng4 35. Rg2 Qd4+ 36. Kf1 Nxh2+ 37. Ke2 Ng4 38. Rf1 Be5 39. Kf3 Bxg3 40. Kxg4 Be5 41. Rd1 Qd6 42. Kf3 Re7 43. Qe3 Red7 44. Rgd2 Bc3 45. Rc2 Qe5 46. Qe2 h5 47. a4 h4 48. Qf2 Bxb2 49. Rxb2 Rxd3+ 50. Rxd3 Rxd3+ 51. Ke2 Qxb2+ 0-1

[Event "SVK-ch U18/20"]
[White "Marko, Alex"]
[Black "Nadzamova, Viktoria"]
[Site "Liptovsky Mikulas"]
[Round "4"]
[Result "1-0"]
[Date "2017.04.24"]
[WhiteElo "1608"]
[BlackElo "1799"]
[PlyCount "77"]
[EventDate "2017.04.22"]
[EventType "swiss"]
[EventRounds "9"]
[EventCountry "SVK"]
[SourceTitle "CBM 178 Extra"]
[Source "ChessBase"]
[SourceDate "2017.06.22"]
[SourceVersion "1"]
[SourceVersionDate "2017.06.22"]
[SourceQuality "1"]

1. d4 Nf6 2. Bf4 e6 3. Nf3 d5 4. e3 Be7 5. Bd3 0-0 6. 0-0 b6 7. Qe2 Bb7 8. c3 c5 9. Nbd2 Nc6 10. Rfe1 a6 11. Ne5 c4 12. Bc2 b5 13. Ng4 Nxg4 14. Qxg4 f5 15. Qg3 Bf6 16. Nf3 a5 17. h4 b4 18. Ba4 Rc8 19. Bxc6 Rxc6 20. h5 Bc8 21. Ne5 Ra6 22. f3 Bh4 23. Qh3 Bxe1 24. Rxe1 Qf6 25. Qg3 h6 26. Ng6 Rd8 27. e4 fxe4 28. fxe4 dxe4 29. Rxe4 Kh7 30. Be5 Qf7 31. Rf4 Qb7 32. Rg4 Ra7 33. Qf2 Rg8 34. Nf8+ Kh8 35. Rg6 Rxf8 36. Qxf8+ Kh7 37. Rxg7+ Qxg7 38. Bxg7 Rxg7 39. Qxc8 1-0

[Event "SVK-ch U16"]
[White "Marko, Alex"]
[Black "Bango, Dominik"]
[Site "Liptovsky Mikulas"]
[Round "8"]
[Result "1-0"]
[Date "2016.04.22"]
[WhiteElo "1658"]
[BlackElo "1732"]
[PlyCount "55"]
[EventDate "2016.04.16"]
[EventType "swiss"]
[EventRounds "9"]
[EventCountry "SVK"]
[SourceTitle "CBM 172 Extra"]
[Source "ChessBase"]
[SourceDate "2016.06.21"]
[SourceVersion "1"]
[SourceVersionDate "2016.06.21"]
[SourceQuality "1"]

1. e4 e5 2. Nf3 Nc6 3. d4 exd4 4. Nxd4 g6 5. Bc4 Bg7 6. Nxc6 bxc6 7. 0-0 Ne7 8. Nd2 0-0 9. Nf3 d6 10. h3 Kh8 11. c3 d5 12. Bb3 Bb7 13. Bf4 h6 14. exd5 cxd5 15. Qd2 Kh7 16. Rfe1 c6 17. Ne5 Nf5 18. Bc2 Nd6 19. Ng4 Nc4 20. Qc1 h5 21. Ne5 Nxe5 22. Bxe5 Bxe5 23. Rxe5 Re8 24. Rxh5+ Kg8 25. Qh6 gxh5 26. Bh7+ Kh8 27. Bg6+ Kg8 28. Qh7+ 1-0

[Event "SVK-ch U16"]
[White "Marko, Alex"]
[Black "Michel, Norbert"]
[Site "Liptovsky Mikulas"]
[Round "3"]
[Result "0-1"]
[Date "2016.04.18"]
[WhiteElo "1658"]
[BlackElo "1935"]
[PlyCount "66"]
[EventDate "2016.04.16"]
[EventType "swiss"]
[EventRounds "9"]
[EventCountry "SVK"]
[SourceTitle "CBM 172 Extra"]
[Source "ChessBase"]
[SourceDate "2016.06.21"]
[SourceVersion "1"]
[SourceVersionDate "2016.06.21"]
[SourceQuality "1"]

1. e4 c5 2. Nf3 Nc6 3. d3 g6 4. g3 Bg7 5. Bg2 d6 6. 0-0 e6 7. Re1 Nge7 8. Nbd2 0-0 9. c3 Rb8 10. Nf1 b5 11. Bg5 b4 12. Qd2 Ba6 13. Bh6 bxc3 14. bxc3 Qc7 15. h4 Ne5 16. Nxe5 dxe5 17. Bxg7 Kxg7 18. Nh2 Ng8 19. Rad1 Rfd8 20. Bf1 Nf6 21. Qe3 h6 22. d4 Bxf1 23. Kxf1 cxd4 24. cxd4 Qc4+ 25. Kg2 exd4 26. Qa3 Qc7 27. e5 Qb7+ 28. Kg1 Ne4 29. Rd3 Nc3 30. Nf3 Qb5 31. Rd2 Nb1 32. Qxa7 Nxd2 33. Nxd4 Rxd4 0-1

[Event "SVK-ch U16"]
[White "Marko, Alex"]
[Black "Haring, Viktor"]
[Site "Liptovsky Mikulas"]
[Round "1"]
[Result "0-1"]
[Date "2016.04.16"]
[WhiteElo "1658"]
[BlackElo "2299"]
[PlyCount "46"]
[EventDate "2016.04.16"]
[EventType "swiss"]
[EventRounds "9"]
[EventCountry "SVK"]
[SourceTitle "CBM 172 Extra"]
[Source "ChessBase"]
[SourceDate "2016.06.21"]
[SourceVersion "1"]
[SourceVersionDate "2016.06.21"]
[SourceQuality "1"]

1. e4 c5 2. Nf3 Nc6 3. d3 g6 4. g3 Bg7 5. c3 d6 6. Bg2 Nf6 7. 0-0 0-0 8. Re1 Rb8 9. Nbd2 b5 10. Nf1 b4 11. Bd2 Ng4 12. Rc1 Ba6 13. Bf4 Qa5 14. cxb4 Nxb4 15. Bd2 Bxb2 16. Bxb4 Rxb4 17. Rc2 Rfb8 18. N3d2 Ne5 19. Nb3 Qxa2 20. Nc1 Qa3 21. f4 Nxd3 22. Nxd3 Bxd3 23. Rd2 Bd4+ 0-1

[Event "SVK-ch U16"]
[White "Kralik, Erik"]
[Black "Marko, Alex"]
[Site "Tatralandia"]
[Round "7"]
[Result "1/2-1/2"]
[Date "2015.04.23"]
[WhiteElo "1644"]
[BlackElo "1571"]
[PlyCount "87"]
[EventDate "2015.04.18"]
[EventType "swiss"]
[EventRounds "9"]
[EventCountry "SVK"]
[SourceTitle "CBM 166 Extra"]
[Source "ChessBase"]
[SourceDate "2015.06.18"]
[SourceVersion "1"]
[SourceVersionDate "2015.06.18"]
[SourceQuality "1"]

1. e4 e6 2. d4 d5 3. exd5 exd5 4. Nc3 Nf6 5. Nf3 Bd6 6. Bd3 Be6 7. Nb5 Nc6 8. a3 h6 9. Nxd6+ Qxd6 10. Be3 0-0-0 11. Qe2 Rde8 12. h3 a6 13. c4 dxc4 14. Bxc4 Nd5 15. Kd2 Nxe3 16. fxe3 Kb8 17. Rac1 Na5 18. Bxe6 Rxe6 19. Rc3 c5 20. Rhc1 Rhe8 21. Re1 f5 22. Qd3 cxd4 23. Nxd4 Rf6 24. b4 Nc6 25. Nxc6+ bxc6 26. Qxd6+ Rxd6+ 27. Rd3 Kc7 28. Rxd6 Kxd6 29. Rc1 Re5 30. g3 g5 31. g4 fxg4 32. hxg4 Re4 33. Rh1 Rxg4 34. Rxh6+ Kd5 35. Kd3 Rh4 36. Rg6 Rg4 37. a4 Rxb4 38. Rxg5+ Kd6 39. Ra5 Rb6 40. Kc4 Kc7 41. e4 Kb7 42. Kc5 Rb1 43. Kd6 Rd1+ 44. Kc5 1/2-1/2

[Event "Humenne Reinter op"]
[White "Marko, Alex"]
[Black "Slivka, Vasil"]
[Site "Humenne"]
[Round "4"]
[Result "1-0"]
[Date "2015.??.??"]
[WhiteElo "1684"]
[BlackElo "1587"]
[PlyCount "129"]
[EventDate "2015.06.12"]
[EventType "swiss"]
[EventRounds "7"]
[EventCountry "SVK"]
[SourceTitle "CBM 167 Extra"]
[Source "ChessBase"]
[SourceDate "2015.09.14"]
[SourceVersion "1"]
[SourceVersionDate "2015.09.14"]
[SourceQuality "1"]

1. e4 c5 2. Nf3 d6 3. Bc4 Nf6 4. d3 Nc6 5. 0-0 Na5 6. Bb5+ Bd7 7. Bxd7+ Nxd7 8. Nc3 e6 9. Re1 Be7 10. Bf4 e5 11. Bg3 Nf6 12. Qd2 Nc6 13. Nh4 Nd4 14. Nf5 Nxf5 15. exf5 0-0 16. Ne4 Nxe4 17. Rxe4 Qc8 18. f4 Qxf5 19. fxe5 d5 20. Rf1 Qe6 21. Re2 b6 22. Rf3 Rad8 23. Bf4 d4 24. Rg3 Kh8 25. b3 Rd5 26. Re4 Rg8 27. Rh3 g5 28. Bg3 Rg6 29. Qe2 Rh6 30. Rxh6 Qxh6 31. e6 f6 32. Bb8 a6 33. Bc7 b5 34. Qf3 Qg6 35. Re1 Qf5 36. Qh5 Qg6 37. Qxg6 hxg6 38. g4 Kg7 39. Kf2 Kf8 40. h3 f5 41. Kf3 Ke8 42. a3 Bd6 43. Bxd6 Rxd6 44. Re5 Ke7 45. gxf5 gxf5 46. Rxf5 Rxe6 47. Rxc5 Re3+ 48. Kg4 Kd6 49. Rxg5 Kc7 50. Rd5 Re2 51. Rxd4 Rxc2 52. h4 Rc3 53. h5 Rxb3 54. h6 Rb1 55. Rd5 Rg1+ 56. Kf5 Rh1 57. Kg6 Kc6 58. Rh5 Rg1+ 59. Rg5 Re1 60. h7 Re6+ 61. Kf7 Rh6 62. Kg7 Rxh7+ 63. Kxh7 a5 64. a4 b4 65. Rxa5 1-0

[Event "SVK-ch U14"]
[White "Hadzala, Juraj"]
[Black "Marko, Alex"]
[Site "Stara Lubovna"]
[Round "4"]
[Result "0-1"]
[Date "2014.04.07"]
[WhiteElo "1176"]
[BlackElo "1169"]
[PlyCount "76"]
[EventDate "2014.04.05"]
[EventType "swiss"]
[EventRounds "9"]
[EventCountry "SVK"]
[SourceTitle "EXT 2016"]
[Source "ChessBase"]
[SourceDate "2015.10.08"]
[SourceVersion "1"]
[SourceVersionDate "2015.10.08"]
[SourceQuality "1"]

1. e4 e5 2. Nf3 Nc6 3. Bc4 Bc5 4. d3 h6 5. 0-0 Nf6 6. a3 a6 7. b4 Ba7 8. Nc3 b5 9. Bb3 d6 10. Bd5 Bb7 11. Ne2 Nxd5 12. exd5 Ne7 13. c4 0-0 14. d4 exd4 15. Nfxd4 bxc4 16. Qc2 Bxd5 17. Bb2 Ng6 18. Qc3 Ne5 19. Nf4 Bxd4 20. Qxd4 Bb7 21. Nd5 c6 22. Nb6 Qg5 23. f4 c5 24. fxg5 cxd4 25. Nxa8 c3 26. Bc1 Bxa8 27. gxh6 gxh6 28. Bxh6 Rc8 29. Rf2 Nd3 30. Rfa2 Bd5 31. Re2 Kh7 32. Bg5 Kg6 33. Bc1 Nxc1 34. Rxc1 d3 35. Rf2 d2 36. Rxd2 cxd2 37. Rd1 Rc1 38. Rxc1 dxc1Q+ 0-1

[Event "SVK-ch U14"]
[White "Marko, Alex"]
[Black "Macko, Miroslav"]
[Site "Stara Lubovna"]
[Round "1"]
[Result "0-1"]
[Date "2014.04.05"]
[WhiteElo "1169"]
[BlackElo "1791"]
[PlyCount "81"]
[EventDate "2014.04.05"]
[EventType "swiss"]
[EventRounds "9"]
[EventCountry "SVK"]
[SourceTitle "EXT 2016"]
[Source "ChessBase"]
[SourceDate "2015.10.08"]
[SourceVersion "1"]
[SourceVersionDate "2015.10.08"]
[SourceQuality "1"]

1. c4 e6 2. Nc3 d5 3. cxd5 exd5 4. d4 Nf6 5. g3 Bf5 6. Bg2 c6 7. b3 Bb4 8. Bd2 0-0 9. a3 Bd6 10. e3 Nbd7 11. Nge2 Ne4 12. 0-0 Ndf6 13. Nxe4 Nxe4 14. Nc3 Re8 15. Ra2 Qd7 16. Nxe4 Bxe4 17. Bc3 Bxg2 18. Kxg2 Re6 19. Qg4 Qe7 20. b4 Rg6 21. Qf3 a6 22. Re1 Qe6 23. Rae2 Rf6 24. Qh5 Rh6 25. Qf3 Qh3+ 26. Kg1 Qxh2+ 27. Kf1 Rf6 28. Qg2 Qxg3 29. Qxg3 Bxg3 30. Kg2 Bd6 31. f4 Re8 32. Rb1 Bxf4 33. Bd2 Rg6+ 34. Kf3 Bd6 35. Ree1 Ree6 36. a4 Ref6+ 37. Ke2 Rg2+ 38. Kd1 Rff2 39. Rb2 Rxd2+ 40. Rxd2 Rxd2+ 41. Kxd2 0-1